000
00272nam a22000977a 4500
999
_c
11520
_d
11520
008
190531b ||||| |||| 00| 0 eng d
020
_a
9788183506007
100
_a
Arora Preeti
_9
7125
245
_a
Computer Science with C++ Vol-II XII
260
_a
New Delhi
_b
Sultan Chand
_c
2018